Human resource management in government : a South African perspective on theories , politics and processes / (Record no. 765287)

MARC details
000 -LEADER
fixed length control field 00828nam a22002297a 4500
005 - DATE AND TIME OF LATEST TRANSACTION
control field 20240710104109.0
008 - FIXED-LENGTH DATA ELEMENTS--GENERAL INFORMATION
fixed length control field 240710b sa ||||| |||| 00| 0 eng d
020 ## - INTERNATIONAL STANDARD BOOK NUMBER
International Standard Book Number <a href="9781485131144">9781485131144</a>
Qualifying information (pbk)
040 ## - CATALOGING SOURCE
Transcribing agency 3228
041 ## - LANGUAGE CODE
Language code of text/sound track or separate title eng
082 ## - DEWEY DECIMAL CLASSIFICATION NUMBER
Classification number 658.3 HUMA
942 ## - ADDED ENTRY ELEMENTS
Creator ID 156
Creator Name Lettie Matukane
Modifier ID 156
Modifier Name Lettie Matukane
245 ## - TITLE STATEMENT
Title Human resource management in government : a South African perspective on theories , politics and processes /
Statement of responsibility, etc. Ernst J van der Westhuizen (editor)
250 ## - EDITION STATEMENT
Edition statement Second edition
260 ## - PUBLICATION, DISTRIBUTION, ETC.
Place of publication, distribution, etc. Cleremont,
Name of publisher, distributor, etc. Juta :
Date of publication, distribution, etc. 2021.
300 ## - PHYSICAL DESCRIPTION
Extent xliii, 577 pages ;
Dimensions 25 cm
504 ## - BIBLIOGRAPHY, ETC. NOTE
Bibliography, etc. note Includes bibliographic references and index
521 ## - TARGET AUDIENCE NOTE
Target audience note Adults
650 ## - SUBJECT ADDED ENTRY--TOPICAL TERM
Topical term or geographic name entry element Human Resources
Form subdivision Management
General subdivision Government
Geographic subdivision South Africa
9 (RLIN) 187484
650 ## - SUBJECT ADDED ENTRY--TOPICAL TERM
Topical term or geographic name entry element Politics
Form subdivision Processes
General subdivision Theories
Geographic subdivision South Africa
9 (RLIN) 187485
700 ## - ADDED ENTRY--PERSONAL NAME
Personal name van der Westhuizen, Ernst J.
9 (RLIN) 187486
942 ## - ADDED ENTRY ELEMENTS
Source of classification or shelving scheme Dewey Decimal Classification
item type Book
Holdings
Withdrawn status Lost status Source of classification or shelving scheme Damaged status Not for loan Collection code Home library Current library Shelving location Date acquired Total Checkouts Full call number Barcode Date due Date last seen Date last checked out Price effective from item type
    Dewey Decimal Classification     600: Technology & Applied Science RIVERSIDE REFERENCE LIBRARY RIVERSIDE REFERENCE LIBRARY General Stacks 10.07.2024 1 658.3 HUMA 33228031011439 03.04.2025 19.03.2025 19.03.2025 10.07.2024 Book